000
00301nam a2200121Ia 4500
008
240624s9999 xx 000 0 und d
041
_a
eng
082
_a
650.144 BRI
100
_a
BRIZ BROOKS
245
_a
GETTING A SOCIAL MEDIA JOB FOR DUMMIES
260
_c
2015
_a
New Delhi
_b
Wiley
365
_c
RS
_b
33
999
_c
26467
_d
26467